Ako sa manažuje charita

Boj neziskového sektora o prežitie. Fungovanie nízkoprahového útulku pre bezdomovcov Depaul v Bratislave. Riadenie útulku. Zamestnanci útulku. Financovanie. Dôležitosť kontaktov.

Gespeichert in:
Bibliographische Detailangaben
1. Verfasser: Kačalka, Ľuboslav
Format: Buchkapitel
Sprache:Slowakisch
Schlagworte:
Tags: Tag hinzufügen
Keine Tags, Fügen Sie das erste Tag hinzu!

MARC

LEADER 00000naa a2200000 4500
001 0196395
005 20231113101901.3
041 0 |a slo 
044 |a SK 
245 1 0 |a Ako sa manažuje charita  |c Ľuboslav Kačalka 
520 |a Boj neziskového sektora o prežitie. Fungovanie nízkoprahového útulku pre bezdomovcov Depaul v Bratislave. Riadenie útulku. Zamestnanci útulku. Financovanie. Dôležitosť kontaktov. 
610 2 0 |a organizácie neziskové 
610 2 0 |a manažment 
610 2 0 |a riadenie 
610 2 0 |a financovanie 
610 2 0 |a financie 
610 2 0 |a zamestnanci 
610 2 0 |a práca sociálna 
610 2 0 |a pomoc sociálna 
610 2 0 |a sektor terciárny 
100 1 |a Kačalka, Ľuboslav